Score 0/40 Timer 07:00
8 Plays Today
Hint Answer % Correct
Have a capital farther
north than Moscow
Norway
95.2%
Border Baltic SeaFinland
95%
Have a capital farther
north than Moscow
Finland
94.9%
Generate over 30% of electricity from
nuclear fuels (2016)
Finland
94.6%
Border Baltic SeaRussia
92%
Border Baltic SeaDenmark
91.7%
Border Baltic SeaGermany
91.3%
Have a capital farther
north than Moscow
Iceland
90.1%
Border Baltic SeaEstonia
89.5%
Border a country with H-starting capitalNorway
89.5%
Border Baltic SeaLatvia
89.2%
Border Baltic SeaLithuania
86.8%
Border Baltic SeaPoland
86.5%
Have a capital farther
north than Moscow
Estonia
83.7%
Have a capital farther
north than Moscow
Latvia
83.2%
Generate over 30% of electricity from
nuclear fuels (2016)
France
80%
Border a country with H-starting capitalChina
76.6%
Have been FIFA World Cup runners-up, but not winnersNetherlands
73.4%
Generate over 30% of electricity from
nuclear fuels (2016)
Belgium
64%
Border a country with H-starting capitalRussia
61.6%
Hint Answer % Correct
Border a country with H-starting capitalLaos
59.9%
Border a country with H-starting capitalCambodia
58.3%
Have been FIFA World Cup runners-up, but not winnersCroatia
54.5%
Generate over 30% of electricity from
nuclear fuels (2016)
Ukraine
51.1%
Border a country with H-starting capitalSouth Africa
48.8%
Generate over 30% of electricity from
nuclear fuels (2016)
Hungary
46.1%
Generate over 30% of electricity from
nuclear fuels (2016)
Switzerland
45.8%
Have been FIFA World Cup runners-up, but not winnersHungary
45.6%
Have been FIFA World Cup runners-up, but not winnersCzechia (as Czechoslovakia)
43.2%
Generate over 30% of electricity from
nuclear fuels (2016)
South Korea
40.1%
Border a country with H-starting capitalZambia
39.7%
Generate over 30% of electricity from
nuclear fuels (2016)
Slovakia
39.5%
Border a country with H-starting capitalBotswana
35.9%
Border a country with H-starting capitalMozambique
35.3%
Generate over 30% of electricity from
nuclear fuels (2016)
Bulgaria
33.1%
Generate over 30% of electricity from
nuclear fuels (2016)
Slovenia
28.7%
Have a capital
containing 'ho'
Namibia (WindHOek)
18.2%
Have a capital
containing 'ho'
Solomon Islands (HOniara)
18.1%
Generate over 30% of electricity from
nuclear fuels (2016)
Armenia
11.5%
Have a capital
containing 'ho'
Mauritania (NouakcHOtt)
9.5%
Remove Ads.
Support Sporcle.
Get the best of Sporcle when you Go Orange. This ad-free experience offers more features, more stats, and more fun while also helping to support Sporcle. Thank you for becoming a member.

You're not logged in!

Compare scores with friends on all Sporcle quizzes.
OR
Log In

Sporcle TV

Today on Sporcle TV


Watch our educational content, quiz creation guides, and fun videos on Sporcle TV.

Show Comments

Extras

Top Quizzes Today


Score Distribution

Paid Content

Your Account Isn't Verified!

In order to create a playlist on Sporcle, you need to verify the email address you used during registration. Go to your Sporcle Settings to finish the process.

Report this User

Report this user for behavior that violates our Community Guidelines.

Details: